Nghiên cứu phân loại văn bản với kỹ thuật phân tích giá trị đơn kết hợp với máy học Vectơ hỗ trợ : Luận văn Thạc sĩ Công nghệ thông tin. Chuyên ngành: Hệ thống thông tin
Luận văn nghiên cứu phân loại văn bản tiếng Việt với kỹ thuật phân tích giá trị đơn kết hợp với máy học vectơ hỗ trợ.
Đã lưu trong:
| 主要作者: | |
|---|---|
| 格式: | 图书 |
| 语言: | Undetermined |
| 出版: |
Cần Thơ
Đại học Cần Thơ
2012
|
| 主题: | |
| 标签: |
添加标签
没有标签, 成为第一个标记此记录!
|
| Thư viện lưu trữ: | Trung tâm Học liệu Trường Đại học Cần Thơ |
|---|
| LEADER | 01148nam a2200229Ia 4500 | ||
|---|---|---|---|
| 001 | CTU_179225 | ||
| 008 | 210402s9999 xx 000 0 und d | ||
| 082 | |a 006.35 | ||
| 082 | |b S464 | ||
| 088 | |a 60480104 | ||
| 100 | |a Phạm, Hoàng Sơn | ||
| 245 | 0 | |a Nghiên cứu phân loại văn bản với kỹ thuật phân tích giá trị đơn kết hợp với máy học Vectơ hỗ trợ : | |
| 245 | 0 | |b Luận văn Thạc sĩ Công nghệ thông tin. Chuyên ngành: Hệ thống thông tin | |
| 245 | 0 | |c Phạm Hoàng Sơn ; Trần Cao Đệ (Hướng dẫn Khoa học) | |
| 260 | |a Cần Thơ | ||
| 260 | |b Đại học Cần Thơ | ||
| 260 | |c 2012 | ||
| 520 | |a Luận văn nghiên cứu phân loại văn bản tiếng Việt với kỹ thuật phân tích giá trị đơn kết hợp với máy học vectơ hỗ trợ. | ||
| 650 | |a Machine learning,Computer algorithms,Máy học,Thuật toán máy tính | ||
| 650 | |x Evaluation,Sự đánh giá | ||
| 904 | |i Năm | ||
| 980 | |a Trung tâm Học liệu Trường Đại học Cần Thơ | ||